Español lecturas: segundo grado.

Gespeichert in:
Bibliographische Detailangaben
Körperschaft: Comisión Nacional de Libros de Texto Gratuitos. (México)
Format: Buch
Sprache:Englisch
Erschienen: México : SEP. Comisión Nacional de los Libros de Texto Gratuitos, 2012
Katalog:MANES:  Suchergebnis im Bibliothekskatalog
Schulbuchspezifische Eigenschaften:
Schriftenreihe:Libro de texto gratuito
Tags: Tag hinzufügen
Keine Tags, Fügen Sie den ersten Tag hinzu!
Hinzugefügt zu:24.02.2014
Geändert in:08.05.2025

MARC

LEADER 00000cam a2200000 a 4500
003 OSt
005 20250508092041.0
008 140225s20132012mx a f 000 0 eng d
020 |a 9786074697261 
040 |a CINV  |c CINV 
050 1 4 |a LTG LB1577  |b M49L 2º 2013 
051 0 4 |a LTG LB1577-M49L 2º 2013 
245 0 0 |a Español lecturas:  |b segundo grado. 
260 |a México :  |b SEP. Comisión Nacional de los Libros de Texto Gratuitos,  |c 2012  |g (2013) 
300 |a 101 p. :  |b il.;  |c 27 cm. 
440 |a Libro de texto gratuito  |9 21882 
500 |a Ciclo escolar 2013-2014 
110 2 |a Comisión Nacional de Libros de Texto Gratuitos. (México)  |9 24074 
546 |a México 
561 |5 mx-CINVES  |a México. DIE-Cinvestav (Ciudad de México)  |k MANES 
691 0 |a PRI 
910 |a E-39125  |b Don-2013 
911 |a E-39125 
942 |2 ddc  |c BK 
999 |c 55005  |d 55005 
999 |c manes:55005  |d 55005